[Event "Kandidatenturnier 1. DIM"]
[Site "playchess.com"]
[Date "2003.02.16"]
[Round "1"]
[White "snubi"]
[Black "Rabiega"]
[Result "0-1"]
[WhiteElo "2262"]
[BlackElo "2642"]
[PlyCount "64"]

1. d4 d5 2. Bf4 Nf6 3. c3 c5 4. e3 Nc6 5. Nf3 Qb6 6. Qb3 c4 7. Qxb6 axb6 8.
Nbd2 Bf5 9. Ne5 e6 10. h3 h6 11. g4 Bh7 12. Bg2 b5 13. a3 b4 14. Nxc6 bxc6 15.
cxb4 Bxb4 16. Rc1 Ba5 17. f3 Kd7 18. h4 Bg6 19. Kd1 Ra7 20. b4 Bc7 21. Ra1 Rha8
22. Bxc7 Kxc7 23. Nb1 Bxb1 24. Rxb1 Rxa3 25. g5 Ne8 26. Re1 Nd6 27. Ke2 Ra2+
28. Kf1 Rc2 29. Re2 Rxe2 30. Kxe2 Ra2+ 31. Kf1 Nf5 32. gxh6 Nxe3+ 0-1

[Event "Kandidatenturnier 1. DIM"]
[Site "playchess.com"]
[Date "2003.02.16"]
[Round "1"]
[White "Klosterfrau"]
[Black "Arche"]
[Result "1-0"]
[WhiteElo "2719"]
[BlackElo "2265"]
[PlyCount "81"]

1. e4 c5 2. Nf3 e6 3. g3 b6 4. Bg2 Bb7 5. d3 d6 6. O-O Nd7 7. c3 Ngf6 8. Nbd2
Be7 9. Re1 Qc7 10. a3 a6 11. b4 O-O 12. Bb2 Rfe8 13. Qb3 Rab8 14. Rad1 Nf8 15.
h3 Ng6 16. Kh2 h6 17. a4 Ba8 18. b5 a5 19. c4 e5 20. Ng1 Nh5 21. Nf1 Bb7 22.
Ne3 Bg5 23. Rf1 Qe7 24. Nf5 Qf8 25. Rde1 Bc8 26. Qd1 Nf6 27. h4 Bxf5 28. exf5
Bxh4 29. gxh4 Nxh4 30. Be4 Kh7 31. Nf3 Nxf3+ 32. Qxf3 g5 33. fxg6+ fxg6 34. Rg1
Nxe4 35. Qxe4 Qf6 36. Rg2 Rg8 37. Re3 Rbf8 38. Bc1 Rf7 39. Rh3 h5 40. Rxh5+ Kg7
41. Bh6+ 1-0

[Event "Kandidatenturnier 1. DIM"]
[Site "playchess.com"]
[Date "2003.02.16"]
[Round "2"]
[White "Old Shatterhand"]
[Black "Klosterfrau"]
[Result "0-1"]
[WhiteElo "2319"]
[BlackElo "2722"]
[PlyCount "42"]

1. d4 c5 2. d5 e5 3. c4 d6 4. Nc3 Be7 5. e4 Bg5 6. Nge2 Nh6 7. Bd2 O-O 8. Nc1
f5 9. Be2 Bxd2+ 10. Qxd2 Na6 11. Nd3 fxe4 12. Nxe4 Nf5 13. O-O Nd4 14. b4 cxb4
15. Rab1 Bf5 16. f3 Bxe4 17. fxe4 Rxf1+ 18. Bxf1 Qh4 19. Qe3 Rf8 20. Nxb4 Nxb4
21. Rxb4 Nc2 0-1

[Event "Kandidatenturnier 1. DIM"]
[Site "playchess.com"]
[Date "2003.02.16"]
[Round "2"]
[White "Rabiega"]
[Black "Blackmoon"]
[Result "1-0"]
[WhiteElo "2646"]
[BlackElo "2306"]
[PlyCount "93"]

1. e4 e5 2. Nf3 Nc6 3. Bc4 Nf6 4. d3 Bc5 5. c3 d6 6. O-O Bb6 7. Bb3 O-O 8. Nbd2
Be6 9. Nc4 Re8 10. Re1 h6 11. Ba4 Bxc4 12. dxc4 a5 13. h3 Rf8 14. Nh4 Ne7 15.
Qf3 Nd7 16. Bc2 Nc5 17. Be3 Nd7 18. Bd2 Nc5 19. Rad1 Ne6 20. Nf5 Nxf5 21. exf5
Ng5 22. Qxb7 Rb8 23. Qd5 Nh7 24. b3 Qh4 25. Be3 Nf6 26. Qc6 Rfc8 27. c5 Bxc5
28. Bxc5 dxc5 29. Rxe5 Rd8 30. Ree1 c4 31. Qxc7 Rdc8 32. Qe5 Re8 33. Qc5 Rec8
34. Qe3 Re8 35. Qf3 Qg5 36. Re3 Red8 37. bxc4 Rxd1+ 38. Qxd1 Qf4 39. Qd4 Qc7
40. Qe5 Qa7 41. Ba4 Rc8 42. Bb5 Rc5 43. Qd4 Qc7 44. g4 Qc8 45. a4 Rc7 46. h4
Qb7 47. g5 {Zeit} 1-0

[Event "Kandidatenturnier 1. DIM"]
[Site "playchess.com"]
[Date "2003.02.16"]
[Round "3"]
[White "Klosterfrau"]
[Black "Aimee"]
[Result "1-0"]
[WhiteElo "2725"]
[BlackElo "2427"]
[PlyCount "29"]

1. e4 c5 2. Nf3 Nc6 3. Bb5 g6 4. O-O Bg7 5. c3 e5 6. d4 cxd4 7. cxd4 exd4 8.
Bf4 Nge7 9. Bd6 O-O 10. Nbd2 Re8 11. Re1 a6 12. Bc4 b5 13. Bxf7+ Kxf7 14. Ng5+
Kf8 15. Qb3 1-0

[Event "Kandidatenturnier 1. DIM"]
[Site "playchess.com"]
[Date "2003.02.16"]
[Round "3"]
[White "sobbi"]
[Black "Rabiega"]
[Result "0-1"]
[WhiteElo "2302"]
[BlackElo "2650"]
[PlyCount "130"]

1. e4 e5 2. Bb5 Nf6 3. d3 c6 4. Ba4 Bc5 5. Nf3 d6 6. O-O O-O 7. Qe2 Bg4 8. h3
Bh5 9. c3 Nbd7 10. Be3 Re8 11. Nbd2 Nf8 12. b4 Bb6 13. Bb3 d5 14. Rfd1 h6 15.
a4 d4 16. cxd4 exd4 17. Bf4 a6 18. g4 Bg6 19. Bg3 Nd5 20. Bxd5 cxd5 21. Re1 Rc8
22. Qd1 dxe4 23. Nxe4 Bxe4 24. dxe4 Ne6 25. Ne5 Bc7 26. Rc1 Bxe5 27. Bxe5 Qg5
28. Bg3 a5 29. b5 Qf6 30. Qd2 b6 31. f4 Nc5 32. e5 Qd8 33. f5 Qd5 34. f6 Ne4
35. Qf4 Rxc1 36. Rxc1 Nxg3 37. Qxg3 d3 38. Rd1 d2 39. fxg7 Rxe5 40. Rxd2 Qc5+
41. Rf2 Kxg7 42. Qf3 Qe7 43. Kg2 Re3 44. Qc6 Qe4+ 45. Qxe4 Rxe4 46. Ra2 Kg6 47.
Kf3 Rb4 48. Ke3 Kg5 49. Kf3 Kh4 50. Ra3 Kxh3 51. Rd3 Rxa4 52. Rd6 Kh4 53. Rxh6+
Kg5 54. Rxb6 Ra3+ 55. Ke4 Kxg4 56. Kd5 f5 57. Rg6+ Kf3 58. b6 f4 59. Kc6 Rb3
60. Rf6 a4 61. b7 a3 62. Rf5 a2 63. Ra5 Rb2 64. Kc7 Rc2+ 65. Kd6 Rd2+ {Zeit}
0-1

[Event "Kandidatenturnier 1. DIM"]
[Site "playchess.com"]
[Date "2003.02.16"]
[Round "3"]
[White "Asteroxylon"]
[Black "GodGusti"]
[Result "0-1"]
[WhiteElo "2294"]
[BlackElo "2548"]
[PlyCount "86"]

1. e4 c6 2. d4 d5 3. e5 Bf5 4. Nf3 e6 5. a3 Nd7 6. Nbd2 Bg6 7. c4 Nh6 8. Be2
Be7 9. O-O Nf5 10. Re1 O-O 11. Nf1 dxc4 12. g4 Nh4 13. Nxh4 Bxh4 14. Bxc4 Nb6
15. Bb3 Nd5 16. Ng3 Qd7 17. Bd2 f6 18. Qe2 Rae8 19. exf6 Rxf6 20. Qe5 Rf3 21.
Bxd5 exd5 22. Qxe8+ Bxe8 23. Kg2 Bg6 24. Kxf3 h6 25. Kg2 Qxg4 26. f3 Qxd4 27.
Bc3 Qc4 28. Re6 Bf7 29. Rd6 c5 30. Re1 d4 31. Re4 Bf6 32. Nf5 Bg6 33. Ne7+ Kh7
34. Nxg6 Kxg6 35. Kg3 Qf1 36. Be1 Qg1+ 37. Kh3 Kh7 38. Bg3 Qf1+ 39. Kg4 h5+ 40.
Kf4 g5+ 41. Kf5 Qxf3+ 42. Bf4 Bg7 43. Rd7 Qg4# 0-1

[Event "Kandidatenturnier 1. DIM"]
[Site "playchess.com"]
[Date "2003.02.16"]
[Round "4"]
[White "GodGusti"]
[Black "Klosterfrau"]
[Result "0-1"]
[WhiteElo "2554"]
[BlackElo "2730"]
[PlyCount "120"]

1. d4 c5 2. c3 Nf6 3. Nf3 e6 4. Bg5 cxd4 5. cxd4 Qb6 6. Bxf6 gxf6 7. Qd2 d5 8.
Nc3 Nc6 9. e3 Bd7 10. Bd3 Rc8 11. O-O Bb4 12. a3 Bxc3 13. bxc3 Na5 14. Rab1 Qc7
15. e4 Bc6 16. e5 f5 17. Qh6 Qe7 18. Ng5 Kd7 19. Be2 Rcg8 20. f4 Rg6 21. Qh3 h6
22. Nf3 Rhg8 23. Nh4 R6g7 24. Rb4 Kc7 25. g3 Kb8 26. Kf2 Ka8 27. Rfb1 Qd8 28.
Qf1 Qc7 29. Bb5 Bxb5 30. Qxb5 Rc8 31. Nf3 b6 32. Qa6 Nc4 33. Ra4 Qb7 34. Qb5
Qc6 35. Qb4 Rgg8 36. Ra6 Rc7 37. Ke2 Rgc8 38. Kf2 Na5 39. Rc1 Qc4 40. Qxc4 Rxc4
41. Rxa5 bxa5 42. Rb1 Rb8 43. Rc1 Rb3 44. Nd2 Rbxc3 45. Rb1 Rc7 46. Rb5 Rc2 47.
Ke2 a6 48. Rxa5 Kb7 49. Ra4 R7c4 50. Rxc4 dxc4 51. Kd1 Ra2 52. Nxc4 Rxh2 53.
Nd6+ Kc6 54. Nxf7 Rg2 55. Nxh6 Rxg3 56. Nf7 Kd5 57. Nd8 Rxa3 58. Kd2 Rf3 59.
Nb7 Rxf4 60. Nc5 Rxd4+ 0-1

[Event "Kandidatenturnier 1. DIM"]
[Site "playchess.com"]
[Date "2003.02.16"]
[Round "4"]
[White "Rabiega"]
[Black "Kendo"]
[Result "1-0"]
[WhiteElo "2654"]
[BlackElo "2485"]
[PlyCount "105"]

1. e4 c5 2. c3 Nf6 3. e5 Nd5 4. Nf3 e6 5. Bc4 d6 6. exd6 Qxd6 7. O-O Nc6 8. d4
Be7 9. Bb3 cxd4 10. cxd4 O-O 11. Nc3 Nxc3 12. bxc3 Bf6 13. Nd2 Rd8 14. Ne4 Qe7
15. Qf3 Bd7 16. Bf4 Be8 17. Qg3 Bh4 18. Qh3 Na5 19. Bc2 f5 20. Nc5 Bf7 21. Rfe1
Qf6 22. Bc7 Rd5 23. Bxa5 b6 24. Bb4 bxc5 25. Bxc5 Bg5 26. Bb3 Rdd8 27. Qf3 Rab8
28. Re5 a5 29. Rae1 a4 30. Bxa4 Bd2 31. Rd1 Bh6 32. Bb3 g5 33. h3 Qg6 34. Rde1
g4 35. hxg4 fxg4 36. Qe4 Bd2 37. Qxg6+ hxg6 38. R1e4 Bxc3 39. Bxe6 Rb1+ 40. Kh2
Rd1 41. Bxf7+ Kxf7 42. Re7+ Kf6 43. R7e6+ Kf7 44. Re7+ Kf6 45. Rf4+ Kg5 46.
Ree4 Rh8+ 47. Kg3 Rd3+ 48. f3 gxf3 49. Be7+ Kh6 50. gxf3 Ra8 51. Bf6 Kh7 52.
Rh4+ Kg8 53. Re7 1-0

[Event "Kandidatenturnier 1. DIM"]
[Site "playchess.com"]
[Date "2003.02.16"]
[Round "5"]
[White "Klosterfrau"]
[Black "Rabiega"]
[Result "1/2-1/2"]
[WhiteElo "2740"]
[BlackElo "2664"]
[PlyCount "62"]

1. e4 e5 2. Nf3 Nf6 3. Nxe5 d6 4. Nf3 Nxe4 5. Qe2 Qe7 6. d3 Nf6 7. Bg5 Nbd7 8.
Nc3 Qxe2+ 9. Bxe2 h6 10. Bf4 Nb6 11. O-O-O Bd7 12. Rhe1 O-O-O 13. h3 g5 14. Bd2
Bg7 15. Nh2 Nfd5 16. Nxd5 Nxd5 17. Bf3 Be6 18. Bg4 Kd7 19. Re2 Rde8 20. Rde1 c6
21. Nf1 f5 22. Rxe6 fxg4 23. Rxe8 Rxe8 24. hxg4 Rf8 25. f3 Be5 26. Ne3 Nf4 27.
Rh1 Rf6 28. Kd1 Bxb2 29. Nf5 Nxg2 30. Rxh6 Rxh6 31. Nxh6 Bf6 1/2-1/2

[Event "Kandidatenturnier 1. DIM"]
[Site "playchess.com"]
[Date "2003.02.16"]
[Round "5"]
[White "Nebuchadnezar"]
[Black "GodGusti"]
[Result "0-1"]
[WhiteElo "2388"]
[BlackElo "2545"]
[PlyCount "150"]

1. e4 c6 2. d4 d5 3. Nc3 dxe4 4. Nxe4 Bf5 5. Ng3 Bg6 6. h4 h6 7. Nf3 Nd7 8. h5
Bh7 9. Bd3 Bxd3 10. Qxd3 e6 11. Bf4 Ngf6 12. O-O-O Be7 13. Kb1 O-O 14. Ne5 Qa5
15. Qe2 Rad8 16. Nc4 Qa6 17. Bc7 Rc8 18. Bd6 Bxd6 19. Nxd6 Qxe2 20. Nxe2 Rc7
21. c4 Rd8 22. Nc3 Ne8 23. Nxe8 Rxe8 24. Ne4 Rd8 25. d5 exd5 26. cxd5 Ne5 27.
dxc6 Rxd1+ 28. Rxd1 Rxc6 29. Rd8+ Kh7 30. Nd6 Rc7 31. Nb5 Rc5 32. Nxa7 Ng4 33.
f3 Nf6 34. g4 Rc4 35. Nb5 Rf4 36. Nd4 g6 37. hxg6+ fxg6 38. Kc2 h5 39. g5 Ng8
40. Rd7+ Kh8 41. Kd3 h4 42. Ke3 h3 43. Ne6 Rf5 44. f4 h2 45. Rd1 Rb5 46. b3 Ne7
47. Rh1 Nf5+ 48. Kd3 Rb6 49. Rxh2+ Kg8 50. Nc5 Kg7 51. Kc3 Rc6 52. Kb4 b6 53.
Ne4 Re6 54. Nf6 Nd4 55. Rh7+ Kf8 56. Rb7 Ne2 57. Nh7+ Ke8 58. Nf6+ Kd8 59. Rg7
Kc8 60. Rxg6 Nxf4 61. Rg7 Nd3+ 62. Kb5 Ne5 63. Ne4 Nf3 64. Nc3 Nd4+ 65. Ka6 b5+
66. Ka5 Re5 67. b4 Nc6+ 68. Kb6 Nxb4 69. Nxb5 Nd3 70. Rg8+ Kd7 71. Rg7+ Ke6 72.
Rg6+ Kf5 73. Rg7 Kf4 74. Rf7+ Kg4 75. Rf6 Re6+ {Zeit} 0-1

[Event "Kandidatenturnier 1. DIM"]
[Site "playchess.com"]
[Date "2003.02.16"]
[Round "5"]
[White "Ferenc-Typie"]
[Black "Kendo"]
[Result "1-0"]
[WhiteElo "2169"]
[BlackElo "2475"]
[PlyCount "157"]

1. Nf3 d5 2. g3 Nf6 3. Bg2 c6 4. O-O Bg4 5. d3 Nbd7 6. Nbd2 e5 7. h3 Bxf3 8.
Nxf3 Bc5 9. Rb1 Bb6 10. b4 O-O 11. e3 Re8 12. Bb2 Qe7 13. a3 a5 14. Qd2 axb4
15. axb4 Bc7 16. Ra1 Bd6 17. Bc3 Rec8 18. Rfb1 Qe8 19. Kh1 Rxa1 20. Rxa1 Ra8
21. Qe1 h6 22. Nh4 g6 23. e4 dxe4 24. dxe4 Bc7 25. Rd1 Nb6 26. Qe3 Kg7 27. Bd2
Ng8 28. Bf1 Rd8 29. Ra1 Qd7 30. Bc3 Qe7 31. Kh2 Nf6 32. Ra7 Rb8 33. Bd3 Nbd7
34. Ra1 Bb6 35. Qe2 Bd4 36. Bxd4 exd4 37. Nf3 Qxb4 38. e5 Nd5 39. e6 fxe6 40.
Qxe6 N7f6 41. Ne5 Qe7 42. Qxe7+ Nxe7 43. f4 c5 44. Rb1 b6 45. Kg2 g5 46. Kf3
Rb7 47. h4 Ned5 48. hxg5 hxg5 49. fxg5 Nd7 50. Nxd7 Rxd7 51. Rh1 Rf7+ 52. Ke4
Ne7 53. Ke5 Ng6+ 54. Kd5 Rf3 55. Rh6 Nf8 56. Rxb6 Rxg3 57. Rb7+ Kg8 58. Kxc5
Rxg5+ 59. Kxd4 Ne6+ 60. Ke3 Re5+ 61. Kd2 Kf8 62. c4 Ke8 63. Kc3 Kd8 64. Rh7 Nc7
65. Kd4 Re7 66. Rh8+ Kd7 67. Bf5+ Kd6 68. c5+ Kc6 69. Rh6+ Kb7 70. Rb6+ Ka8 71.
Be4+ Ka7 72. Rb7+ Ka6 73. Rb6+ Ka5 74. Rb7 Na6 75. Rxe7 Kb5 76. Bd3+ Ka5 77.
Ra7 Kb4 78. Rxa6 Kb3 79. Rb6+ {Zeit} 1-0

[Event "Kandidatenturnier 1. DIM"]
[Site "playchess.com"]
[Date "2003.02.16"]
[Round "6"]
[White "Ferenc-Typie"]
[Black "Klosterfrau"]
[Result "0-1"]
[WhiteElo "2298"]
[BlackElo "2736"]
[PlyCount "188"]

1. Nf3 c5 2. g3 g6 3. Bg2 Bg7 4. O-O Nc6 5. c4 e6 6. Nc3 Nge7 7. e3 O-O 8. d4
cxd4 9. exd4 d5 10. cxd5 Nxd5 11. Nxd5 exd5 12. h3 Qb6 13. Be3 Qxb2 14. a4 Qb6
15. Rb1 Qd8 16. Qd2 Na5 17. Bh6 Nc4 18. Qc1 b6 19. Ne5 Nxe5 20. dxe5 Be6 21.
Bxg7 Kxg7 22. Qf4 Rc8 23. Rfd1 Rc5 24. Rd4 Qe7 25. Rbd1 Rd8 26. h4 h6 27. Bf3
Rd7 28. Kg2 Rc4 29. Rxc4 dxc4 30. Rxd7 Bxd7 31. Qxc4 Qxe5 32. Qd3 Be6 33. Qa3
Bd5 34. Qd3 Bxf3+ 35. Qxf3 Qd4 36. Qc6 Qc5 37. Qd7 a6 38. Qb7 Qc4 39. Qxb6 Qxa4
40. Qb2+ Kh7 41. Qf6 Qe4+ 42. Kg1 Qe6 43. Qa1 h5 44. Kg2 Qd5+ 45. Kg1 a5 46.
Qa4 Qc5 47. Qb3 Qc1+ 48. Kg2 Qc7 49. Qa4 Qb6 50. Qc4 Qa7 51. Qa4 Kg8 52. Kg1
Kh7 53. Kf1 Qb6 54. Qc4 Qb1+ 55. Kg2 Qf5 56. Qa4 Qd5+ 57. Kg1 Qc5 58. Qa2 Qc1+
59. Kh2 Qc7 60. Qa4 Qa7 61. Kg1 Qa6 62. Kg2 Qb7+ 63. Kg1 Qb4 64. Qd7 Qb1+ 65.
Kg2 Qf5 66. Qd4 Qe6 67. Kg1 Qc6 68. Qf4 Qd7 69. Qe5 a4 70. Qc3 Qd1+ 71. Kg2
Qd5+ 72. Kg1 Qb3 73. Qe1 a3 74. Kh2 a2 75. Qe5 Qb1 76. Qf6 a1=Q 77. Qxf7+ Qg7
78. Qf3 Qf5 79. Qe3 Qgf7 80. Kg2 Q5e6 81. Qd2 Qd5+ 82. Qxd5 Qxd5+ 83. Kg1 Kg7
84. Kf1 Kf6 85. Kg1 Qd6 86. Kf1 g5 87. Kg1 gxh4 88. gxh4 Kf5 89. Kg2 Kg4 90.
Kg1 Kf3 91. Kh1 Qd1+ 92. Kh2 Kxf2 93. Kh3 Qg4+ 94. Kh2 Qxh4# 0-1

[Event "Kandidatenturnier 1. DIM"]
[Site "playchess.com"]
[Date "2003.02.16"]
[Round "7"]
[White "Klosterfrau"]
[Black "CaptainTsubasa"]
[Result "1-0"]
[WhiteElo "2739"]
[BlackElo "2389"]
[PlyCount "103"]

1. e4 c5 2. Nf3 e6 3. g3 d5 4. exd5 exd5 5. d4 Nf6 6. Bg2 Be7 7. O-O O-O 8. Nc3
Nc6 9. Be3 c4 10. Ne5 Re8 11. h3 Be6 12. f4 Bd6 13. f5 Bc8 14. Nxc6 bxc6 15.
Bf4 Bxf4 16. Rxf4 Rb8 17. b3 Qa5 18. Qd2 cxb3 19. cxb3 Rxb3 20. axb3 Qxa1+ 21.
Rf1 Qa3 22. Qc2 a5 23. Kh2 Ba6 24. Rf3 h6 25. Qf2 Qxb3 26. Re3 Rxe3 27. Qxe3 a4
28. Qd2 a3 29. g4 Qb2 30. Qxb2 axb2 31. Kg3 Bd3 32. Kf4 b1=Q 33. Nxb1 Bxb1 34.
Ke5 Be4 35. Bf1 Ne8 36. h4 Kf8 37. g5 Ke7 38. Bh3 f6+ 39. Kf4 hxg5+ 40. hxg5
Nd6 41. Bg4 fxg5+ 42. Kxg5 Nb5 43. Kg6 Kf8 44. Kg5 Nxd4 45. f6 gxf6+ 46. Kxf6
c5 47. Ke5 Nb3 48. Be6 c4 49. Bg4 c3 50. Bd1 c2 51. Bxc2 Nc5 52. Bd1 {
Gewinn wegen Verbindungsabruch} 1-0

[Event "Kandidatenturnier 1. DIM"]
[Site "playchess.com"]
[Date "2003.02.16"]
[Round "7"]
[White "GodGusti"]
[Black "Ferenc-Typie"]
[Result "1-0"]
[WhiteElo "2561"]
[BlackElo "2287"]
[PlyCount "153"]

1. Nf3 Nf6 2. c4 g6 3. Nc3 Bg7 4. e4 d6 5. d4 O-O 6. Be2 e5 7. Be3 exd4 8. Nxd4
Re8 9. f3 c6 10. Bf2 d5 11. exd5 cxd5 12. O-O Nc6 13. c5 Be6 14. Qd2 Rc8 15.
Ncb5 Bf8 16. Rac1 a6 17. Nxc6 bxc6 18. Nd4 Bd7 19. Bxa6 Rb8 20. b4 Nh5 21. b5
Qf6 22. b6 Nf4 23. Kh1 Bh6 24. Qc2 Nxg2 25. Kxg2 Bxc1 26. Rxc1 Qg5+ 27. Bg3 h5
28. h4 Qe3 29. Rd1 Ra8 30. Bf1 Ra3 31. Qd2 Qe7 32. b7 Qxc5 33. b8=Q Rxb8 34.
Bxb8 Qb6 35. Be5 f6 36. Bxf6 c5 37. Qg5 Kf7 38. Re1 Rxa2+ 39. Kh1 Qxf6 40.
Qxd5+ Kg7 41. Qxa2 Qxh4+ 42. Kg1 Qxe1 43. Nc2 Qg3+ 44. Bg2 Bh3 45. Ne3 Bxg2 46.
Qxg2 Qe1+ 47. Nf1 c4 48. Qc2 c3 49. Qd3 h4 50. Kg2 Kh7 51. Qd7+ Kg8 52. Qd3 Kh7
53. Qc4 g5 54. Qf7+ Kh6 55. Qf6+ Kh5 56. Qf7+ Kh6 57. Qc4 Kg6 58. Kh3 c2 59.
Qxc2+ Kf6 60. Kg2 h3+ 61. Kg1 h2+ 62. Qxh2 Qe7 63. Qf2 Qd6 64. Ne3 Kg6 65. Ng4
Qd1+ 66. Kg2 Kh5 67. Qb2 Qd8 68. Kh3 Qe8 69. Nf6+ Kg6 70. Nxe8 Kf7 71. Qf6+
Kxe8 72. Qxg5 Kd7 73. Qg6 Ke7 74. f4 Kd7 75. f5 Ke7 76. Qe6+ Kd8 77. Qf7 {
Zeit} 1-0

[Event "Kandidatenturnier 1. DIM"]
[Site "playchess.com"]
[Date "2003.02.16"]
[Round "7"]
[White "AlexanderMagnus"]
[Black "Rabiega"]
[Result "0-1"]
[WhiteElo "2479"]
[BlackElo "2662"]
[PlyCount "140"]

1. e4 e5 2. Nf3 Nf6 3. Nxe5 d6 4. Nf3 Nxe4 5. d3 Nf6 6. Nc3 Be7 7. Be2 O-O 8.
Bg5 Nbd7 9. O-O Nb6 10. Re1 h6 11. Bh4 Nfd5 12. Bxe7 Qxe7 13. Nxd5 Nxd5 14. Nd4
Qf6 15. c3 Nf4 16. Bf3 Bd7 17. Qd2 c6 18. Re3 Qg5 19. Rae1 Rae8 20. g3 Nh3+ 21.
Kg2 Re5 22. Nb3 Qf6 23. d4 Rxe3 24. Rxe3 Ng5 25. Be2 Bh3+ 26. Kg1 Bf5 27. h4
Ne4 28. Qe1 d5 29. Nd2 Nxd2 30. Qxd2 Be4 31. Bd3 Bf3 32. Be2 Be4 33. Bd3 Qg6
34. Qe2 f5 35. Bxe4 fxe4 36. Kg2 Rf5 37. f3 exf3+ 38. Rxf3 Rxf3 39. Kxf3 Qb1
40. a3 a5 41. Qe6+ Kh7 42. Qe2 Qf5+ 43. Kg2 h5 44. Qd2 a4 45. Qe2 b6 46. Qd2 c5
47. dxc5 bxc5 48. Qe2 d4 49. cxd4 cxd4 50. Qd2 Qe4+ 51. Kf2 d3 52. Qe3 Qf5+ 53.
Ke1 Qd5 54. Kd2 Kh8 55. Qxd3 Qg2+ 56. Kc3 Qc6+ 57. Qc4 Qf3+ 58. Kb4 Qxg3 59.
Qc8+ Kh7 60. Qc2+ Kh6 61. Qc4 Qg4 62. Kc3 Qxc4+ 63. Kxc4 g5 64. b4 axb3 65.
Kxb3 gxh4 66. a4 h3 67. a5 h2 68. a6 h1=Q 69. a7 Qh3+ 70. Kc4 Qc8+ {Zeit} 0-1

[Event "Kandidatenturnier 1. DIM"]
[Site "playchess.com"]
[Date "2003.02.16"]
[Round "8"]
[White "OldTeacherOnline"]
[Black "GodGusti"]
[Result "0-1"]
[WhiteElo "2357"]
[BlackElo "2567"]
[PlyCount "110"]

1. e4 c6 2. d4 d5 3. Nc3 dxe4 4. Nxe4 Bf5 5. Ng3 Bg6 6. h4 h6 7. h5 Bh7 8. Nf3
e6 9. Bd3 Bxd3 10. Qxd3 Nf6 11. Bf4 Be7 12. O-O-O Nbd7 13. Kb1 O-O 14. Ne4 Nxe4
15. Qxe4 Nf6 16. Qe2 Qd5 17. Ne5 Qe4 18. Qxe4 Nxe4 19. Rhf1 Nf6 20. g4 Rfd8 21.
f3 Rac8 22. c3 b5 23. Kc2 Nd5 24. Bc1 c5 25. dxc5 Bxc5 26. Nd3 Be3 27. Rfe1
Bxc1 28. Nxc1 b4 29. Rd3 bxc3 30. a3 cxb2+ 31. Kxb2 Rb8+ 32. Rb3 Rxb3+ 33. Nxb3
Nf4 34. Re4 e5 35. Ra4 Rd7 36. Nc5 Rc7 37. Ne4 Nd3+ 38. Kb3 Ne1 39. Nd2 Rd7 40.
Re4 Nd3 41. Kc2 f6 42. Rc4 Ne1+ 43. Kc1 Rd3 44. Rc8+ Kh7 45. a4 Ra3 46. Rc7
Rxa4 47. Ne4 Kg8 48. Nd6 Nxf3 49. Nf5 Rxg4 50. Ne7+ Kh7 51. Ng6 Rxg6 52. hxg6+
Kxg6 53. Rxa7 h5 54. Kd1 h4 55. Ke2 Ng5 0-1

[Event "Kandidatenturnier 1. DIM"]
[Site "playchess.com"]
[Date "2003.02.16"]
[Round "8"]
[White "Nebuchadnezar"]
[Black "Klosterfrau"]
[Result "1-0"]
[WhiteElo "2407"]
[BlackElo "2743"]
[PlyCount "113"]

1. e4 c5 2. c3 d5 3. exd5 Qxd5 4. d4 Nc6 5. Nf3 Bg4 6. dxc5 Qxd1+ 7. Kxd1 e5 8.
b4 e4 9. h3 O-O-O+ 10. Kc2 Bxf3 11. gxf3 exf3 12. Bf4 g6 13. Nd2 Bg7 14. Re1
Nge7 15. b5 Nd5 16. bxc6 Nxf4 17. cxb7+ Kxb7 18. Re7+ Kc6 19. Rxf7 Bh6 20. Nxf3
Rd5 21. Nd4+ Kxc5 22. Rxf4 Bxf4 23. Ne6+ Kd6 24. Nxf4 Ra5 25. Bc4 Rf8 26. Rd1+
Kc6 27. Bd5+ Kd6 28. Bb3+ Kc6 29. Rd4 Raf5 30. Nd3 Kc7 31. f4 g5 32. fxg5 Rxg5
33. Ba4 Rg2+ 34. Kb3 Rg3 35. Rd7+ Kb6 36. Nb4 Rxh3 37. Nd5+ Kc5 38. Nc7 Rb8+
39. Kc2 Rh2+ 40. Kd3 Rh3+ 41. Kc2 Rh2+ 42. Kd3 Rh3+ 43. Ke4 Rh4+ 44. Ke5 Rxa4
45. Ne6+ Kc6 46. Rd6+ Kb7 47. Nc5+ Kc7 48. Nxa4 Re8+ 49. Kd5 Re2 50. Rc6+ Kb8
51. Rd6 Rd2+ 52. Kc6 Rxa2 53. Nc5 Kc8 54. Rf6 Kd8 55. Re6 Rf2 56. Re5 Kc8 57.
Re8# 1-0

[Event "Kandidatenturnier 1. DIM"]
[Site "playchess.com"]
[Date "2003.02.16"]
[Round "8"]
[White "Rabiega"]
[Black "miha1"]
[Result "1/2-1/2"]
[WhiteElo "2672"]
[BlackElo "2374"]
[PlyCount "113"]
[EventDate "2003.02.16"]

1. e4 g6 2. d4 Bg7 3. c3 d5 4. Nd2 c5 5. dxc5 Na6 6. Bxa6 bxa6 7. Ngf3 Nf6 8.
e5 Nd7 9. O-O O-O 10. Nb3 Nxe5 11. Nxe5 Bxe5 12. Bh6 Re8 13. Re1 Bf6 14. Qf3
Bb7 15. Rad1 Qc7 16. Qe3 a5 17. Bg5 a4 18. Nd4 Bg7 19. Bxe7 Bf8 20. Bd6 Rxe3
21. Bxc7 Rxe1+ 22. Rxe1 Bxc5 23. Nb5 Bc6 24. Nd4 Bd7 25. Bf4 Re8 26. Be3 a3 27.
b4 Bb6 28. Rd1 Rc8 29. Ne2 Bb5 30. Nf4 Bc4 31. Rd2 Re8 32. Nxd5 Bxd5 33. Rxd5
Bxe3 34. fxe3 Rxe3 35. Ra5 Rxc3 36. Rxa7 Rc1+ 37. Kf2 Rc2+ 38. Kf3 Rxa2 39. h4
Kg7 40. g4 h6 41. Kg3 Kf6 42. Ra6+ Ke5 43. Ra7 Ke6 44. Ra6+ Kd5 45. Ra7 f5 46.
gxf5 gxf5 47. Kf4 Kc4 48. Kxf5 Rf2+ 49. Kg6 a2 50. Kxh6 Kxb4 51. h5 Kb3 52. Kg6
Rg2+ 53. Kf6 Rg4 54. Rxa2 Kxa2 55. h6 Rh4 56. Kg7 Rxh6 57. Kxh6 1/2-1/2

[Event "Kandidatenturnier 1. DIM"]
[Site "playchess.com"]
[Date "2003.02.16"]
[Round "9"]
[White "Klosterfrau"]
[Black "miha1"]
[Result "0-1"]
[WhiteElo "2712"]
[BlackElo "2387"]
[PlyCount "88"]

1. e4 g6 2. d4 Bg7 3. g3 d6 4. Bg2 Nf6 5. Ne2 O-O 6. O-O c5 7. c3 Nc6 8. h3 e5
9. d5 Ne7 10. c4 Nd7 11. Nbc3 f5 12. exf5 gxf5 13. f4 Ng6 14. Be3 Nf6 15. Qd2
Bd7 16. Kh2 Kh8 17. a3 Rg8 18. Rae1 a6 19. b4 b6 20. Rb1 Rc8 21. bxc5 dxc5 22.
a4 Ne8 23. a5 bxa5 24. d6 Be6 25. Rfd1 Nf6 26. Na4 Bxc4 27. Nxc5 Nh5 28. Rbc1
Bxe2 29. Qxe2 exf4 30. Qxh5 fxe3 31. Ne6 Qd7 32. Ng5 Be5 33. Rc7 Rxc7 34. dxc7
Qxc7 35. Rc1 Bxg3+ 36. Kg1 Qxc1+ 37. Bf1 Bf2+ 38. Kh2 Qc7+ 39. Kh1 Qb7+ 40. Kh2
Qc7+ 41. Kh1 f4 42. Bg2 e2 43. Bf1 exf1=Q+ 44. Kh2 Qg1# 0-1

[Event "Kandidatenturnier 1. DIM"]
[Site "playchess.com"]
[Date "2003.02.16"]
[Round "9"]
[White "GodGusti"]
[Black "KingT"]
[Result "1-0"]
[WhiteElo "2575"]
[BlackElo "2280"]
[PlyCount "69"]

1. d4 d5 2. c4 Nc6 3. Nc3 dxc4 4. d5 Ne5 5. Qd4 f6 6. f4 Nf7 7. e4 e5 8. Qxc4
Bd6 9. f5 a6 10. Nf3 Ne7 11. Be3 b6 12. Be2 Bd7 13. O-O O-O 14. Rad1 g6 15. g4
g5 16. h4 h6 17. Kg2 Kg7 18. Rh1 Rh8 19. Rh3 b5 20. Qb3 Rb8 21. Bd3 Kf8 22.
Rdh1 h5 23. hxg5 fxg5 24. Rxh5 Rxh5 25. Rxh5 Ng8 26. Nxg5 Nxg5 27. Bxg5 Qc8 28.
Qd1 Be8 29. Rh7 b4 30. Qh1 Bf7 31. Ne2 c6 32. Bc4 cxd5 33. Rxf7+ Kxf7 34. Bxd5+
Kf8 35. Qh7 1-0

[Event "Kandidatenturnier 1. DIM"]
[Site "playchess.com"]
[Date "2003.02.16"]
[Round "9"]
[White "Rabiega"]
[Black "Nebuchadnezar"]
[Result "1-0"]
[WhiteElo "2659"]
[BlackElo "2439"]
[PlyCount "85"]

1. e4 e5 2. Nf3 Nc6 3. Bc4 Nf6 4. d3 Bc5 5. c3 a6 6. O-O Ba7 7. Bb3 d6 8. Nbd2
O-O 9. h3 Kh8 10. Re1 Ng8 11. Nf1 f5 12. exf5 Bxf5 13. Ng3 Bd7 14. Be3 Bxe3 15.
Rxe3 Qf6 16. Qd2 Qh6 17. d4 Bxh3 18. dxe5 Bg4 19. exd6 Bxf3 20. gxf3 Rad8 21.
Rd3 Ne5 22. Qxh6 Nxh6 23. Re3 cxd6 24. Bd5 b6 25. Rd1 Nf5 26. Nxf5 Rxf5 27. Be4
Rg5+ 28. Kf1 Nc4 29. Re2 h5 30. b3 Na3 31. c4 b5 32. Bd5 bxc4 33. bxc4 Rb8 34.
Re3 Nc2 35. Re4 Re5 36. c5 Nb4 37. Rxe5 dxe5 38. Be4 Rc8 39. Rd6 a5 40. a3 Na2
41. c6 Nc3 42. Bf5 Rf8 43. c7 1-0

[Event "Kandidatenturnier 1. DIM"]
[Site "playchess.com"]
[Date "2003.02.16"]
[Round "10"]
[White "miha1"]
[Black "GodGusti"]
[Result "0-1"]
[WhiteElo "2418"]
[BlackElo "2581"]
[PlyCount "70"]

1. d4 Nf6 2. c4 g6 3. g3 Bg7 4. Bg2 O-O 5. Nf3 d6 6. O-O c6 7. Nc3 Qb6 8. h3
Qa6 9. b3 b5 10. Nd2 bxc4 11. Nxc4 Bb7 12. Bb2 Nbd7 13. e4 c5 14. e5 Ne8 15.
Bxb7 Qxb7 16. exd6 Nxd6 17. Nxd6 exd6 18. dxc5 dxc5 19. Qd6 Ne5 20. Rfd1 Nf3+
21. Kf1 Nd4 22. Qd5 Qa6+ 23. Kg2 Rfd8 24. Qe4 Re8 25. Qd3 Qc6+ 26. f3 Rad8 27.
Re1 Nxb3 28. Rxe8+ Qxe8 29. Re1 Qf8 30. Qc4 Nd2 31. Qa6 c4 32. Re2 Qb4 33. Qb5
Bxc3 34. Re8+ Rxe8 35. Qxe8+ Kg7 {Zeit} 0-1